De las experiencias de control social /

Salvato in:
Dettagli Bibliografici
Autore principale: Brunner, José Joaquín
Natura: testo
Tags: Aggiungi Tag
Nessun Tag, puoi essere il primo ad aggiungerne!!

MARC

LEADER 00000 a a2200000 04500
001 16592
003
040
100 |a Brunner, José Joaquín  
245 |a De las experiencias de control social /  |c José Joaquín Brunner 
500 |a Tomado del Libro Consenso de orden y poder, de Lechner, N. y Brunner, JJ. dos notas sobre integración social, Flacso, 1976  
773 |g XL, número 78; páginas 233-251  
999 |c 23998  |d 23998